000 00315nam a2200133Ia 4500
005 20251222143238.0
008 251222s9999||||xx |||||||||||||| ||spa||
020 _a968-19-0975-5
082 _a869.813/B42I
100 _aBenedetti, Mario
245 0 _aInsomnios y Duermevelas
264 _bAlfaguara
942 _cLIB
999 _c14448
_d14448